Normal view
MARC view
- Khan, Ashfaque Hasan
Entry Personal Name
001 - CONTROL NUMBER
- control field: 111931
003 - CONTROL NUMBER IDENTIFIER
- control field: NUST
005 - DATE AND TIME OF LATEST TRANSACTION
- control field: 20230417124317.0
008 - FIXED-LENGTH DATA ELEMENTS
- fixed length control field: 230417|| aca||aabn | a|a d
040 ## - CATALOGING SOURCE
- Original cataloging agency: NUST
- Transcribing agency: NUST
100 ## - HEADING--PERSONAL NAME
- Personal name: Khan, Ashfaque Hasan
670 ## - SOURCE DATA FOUND
- Source citation: Work cat.: (NUST): Khan, Ashfaque Hasan , Russia Ukraine Crisis:, 2023.
